| 000 | 00471nam a2200181Ia 4500 | ||
|---|---|---|---|
| 005 | 20250423095219.0 | ||
| 008 | 250422s9999 xx 000 0 und d | ||
| 020 | _a9788123925387 | ||
| 050 | _aTA 177.4 .V37/ | ||
| 100 | _aVarshney, Manish | ||
| 245 | 0 | _aEngineering and managerial economics | |
| 260 | _aNew Delhi | ||
| 260 | _bCBS Publishers & Distributors Pvt Ltd | ||
| 260 | _c2015 | ||
| 300 | _a162 p | ||
| 650 | _a Engineering economy. | ||
| 942 | _cBK | ||
| 999 |
_c29591 _d29591 |
||